Skylanders Swap force catchpharse - Statistics

General Stats
  • This quiz has been taken 3 times
  • The average score is 14 of 32
Answer Stats
Hint Answer % Correct
Blast and furious Blast zone
100%
another smash hit doom stone
100%
lets ruffle some feathers Hoot loop
100%
attrack to attack magna charge
100%
brace for impact rubble rouser
100%
clear the air stink bomb
100%
8 Legs and no pegs Wash buckler
100%
bombs away boom jet
67%
born to be wild fire kraken
67%
whip up a storm free ranger
67%
keeping it cool freeze blade
67%
roll with the punches night shift
67%
go ahead snake my day rattle shake
67%
its classified spy rise
67%
the perfect swarm bumbleblast
33%
I'm the bomb countdown
33%
king of the sting scorp
33%
clobber and slobber slobbertooth
33%
shoot for the stars Starstrike
33%
hide and sleek trap shadow
33%
all wound up windup
33%
cant beat the bettle dunebug
0%
crash and burn fryno
0%
if there's a drill there's a way gorilla drilla
0%
your time is up grimcreeper
0%
straight to the point popthorn
0%
amp it up punkshock
0%
go fish ripetide
0%
lets roll rollerbrawl
0%
the luck of the claw scratch
0%
blaze of glory smolderdash
0%
nature calls zouloo
0%
No matching quizzes found
Score Distribution
Percent of People with Each Score
Percentile by Number Answered
Your Score History
You have not taken this quiz